Fast Food Logos Close-Up Quiz Stats

 Plays Quiz Updated Sep 6, 2017

Challenge
Share
Tweet
Score 0/20 Timer 06:00
0 Plays Today
Hint Fast Food Logo % Correct
McDonald's
98.7%
Subway
98.4%
Burger King
97.4%
Taco Bell
95.3%
Wendy's
94.8%
Pizza Hut
92.1%
Dunkin' Donuts
91.9%
Kentucky Fried Chicken
83.9%
Dairy Queen
79.2%
Panda Express
76.3%
Hint Fast Food Logo % Correct
Chick-fil-A
75.9%
White Castle
75.2%
Quiznos
74%
Chipotle
73.2%
Arby's
73.2%
Popeye's
71.7%
Carl's Jr.
69.9%
In-N-Out
66.6%
Jimmy John's
62.9%
Qdoba
41.7%

You're not logged in!

Compare scores with friends on all Sporcle quizzes.
Join for Free
OR
Log In

You Might Also Like...

Show Comments

Extras

Top Quizzes Today


Score Distribution

Your Account Isn't Verified!

In order to create a playlist on Sporcle, you need to verify the email address you used during registration. Go to your Sporcle Settings to finish the process.

Report this User

Report this user for behavior that violates our Community Guidelines.

Details: